书目信息 |
| 题名: |
漫谈建筑与风雪灾
|
|
| 作者: | 金新阳 主编 ;建筑防灾系列丛书编委会 主编 | |
| 分册: | ||
| 出版信息: | 北京 中国建筑工业出版社 2017.03 |
|
| 页数: | 10,199页 | |
| 开本: | 26cm | |
| 丛书名: | 建筑防灾系列丛书 | |
| 单 册: | ||
| 中图分类: | TU89 | |
| 科图分类: | ||
| 主题词: | 建筑物--风灾--防灾--普及读物 , 建筑物--雪灾--防灾--普及读物 | |
| 电子资源: | ||
| ISBN: | 978-7-112-19678-4 | |
| 000 | 01064oam2 2200289 450 | |
| 001 | 0100004685 | |
| 005 | 20190306125623.69 | |
| 010 | @a978-7-112-19678-4@dCNY38.00 | |
| 100 | @a20170328d2017 em y0chiy50 ea | |
| 101 | 0 | @achi |
| 102 | @aCN@b110000 | |
| 105 | @aak z 000yy | |
| 200 | 1 | @a漫谈建筑与风雪灾@Aman tan jian zhu yu feng xue zai@f建筑防灾系列丛书编委会主编 |
| 210 | @a北京@c中国建筑工业出版社@d2017.03 | |
| 215 | @a10,199页@c图@d26cm | |
| 225 | 2 | @a建筑防灾系列丛书 |
| 314 | @a版权页题:金新阳主编 | |
| 330 | @a本书从具体的风雪灾事故记录入手,结合理论分析和现实方法,全面探讨了目前对建筑形成威胁的风雪灾害模型以及相关计算方式与试验。本书适合作为一般性科普读物。 | |
| 333 | @a科普爱好者 | |
| 410 | 0 | @12001 @a建筑防灾系列丛书 |
| 606 | 0 | @a建筑物@x风灾@x防灾@j普及读物 |
| 606 | 0 | @a建筑物@x雪灾@x防灾@j普及读物 |
| 690 | @aTU89@v5 | |
| 701 | 0 | @a金新阳@Ajin xin yang@4主编 |
| 711 | 02 | @a建筑防灾系列丛书编委会@Ajian zhu fang zai xi lie cong shu bian wei hui@4主编 |
| 801 | 0 | @aCN@c201701015 |
| 905 | @a河南城建学院图书馆@dTU89@eJ818 | |
| 漫谈建筑与风雪灾/建筑防灾系列丛书编委会主编.-北京:中国建筑工业出版社,2017.03 |
| 10,199页:图;26cm.-(建筑防灾系列丛书) |
| 使用对象:科普爱好者 |
| ISBN 978-7-112-19678-4:CNY38.00 |
| 本书从具体的风雪灾事故记录入手,结合理论分析和现实方法,全面探讨了目前对建筑形成威胁的风雪灾害模型以及相关计算方式与试验。本书适合作为一般性科普读物。 |
| ● |
| 相关链接 |
|
|
|
正题名:漫谈建筑与风雪灾
索取号:TU89/J818
 
预约/预借
| 序号 | 登录号 | 条形码 | 馆藏地/架位号 | 状态 | 备注 |
| 1 | 1305884 | 213058849 | 建筑库201/201建筑库 85排2列5层/ [索取号:TU89/J818] | 在馆 | |
| 2 | 1337436 | 213374365 | 建筑库201/201建筑库 85排2列5层/ [索取号:TU89/J818] | 在馆 | |
| 3 | 1337437 | 213374374 | 建筑库201/201建筑库 85排2列5层/ [索取号:TU89/J818] | 在馆 |